000
00330nam a2200133Ia 4500
008
240624s9999 xx 000 0 und d
041
_a
eng
082
_a
658 SCH
100
_a
SMITH SHAUN
245
_a
MANAGING THE CUSTOMER EXPERIENCE TURNING
260
_c
2002
_b
Financial Times/Prentice
300
_a
272 : p.
365
_c
_b
30
999
_c
12982
_d
12982